A student's handbook of emergency homoeopathic materia medica / (Record no. 5454)

MARC details
000 -LEADER
fixed length control field 00530 a2200169 4500
010 ## - LCCN (DPL NO)
LC control number ENG-86868
020 ## - INTERNATIONAL STANDARD BOOK NUMBER
Terms of availability 125.00
International Standard Book Number 8173815070
035 ## - SYSTEM CONTROL NUMBER
System control number EN-70401
037 ## - SOURCE OF ACQUISITION
Source of stock number/acquisition DBAD / PUB
082 14 - DEWEY DECIMAL CLASSIFICATION NUMBER
Classification number 615.53
100 1# - MAIN ENTRY--PERSONAL NAME
Personal name Mukerji, K.C.
245 1# - TITLE STATEMENT
Title A student's handbook of emergency homoeopathic materia medica /
Statement of responsibility, etc by K.C. Mukerji
260 ## - PUBLICATION, DISTRIBUTION, ETC. (IMPRINT)
Place of publication, distribution, etc Kolkata
Name of publisher, distributor, etc New Central Book Agency
Date of publication, distribution, etc 2006
270 ## - ADDRESS
Address 8/1, Chintamoni Das Lane
City Kolkata
Postal code 700 009
300 ## - PHYSICAL DESCRIPTION
Extent xi, 495p
Dimensions 24cm (Pbk)
942 ## - ADDED ENTRY ELEMENTS (KOHA)
Institution code [OBSOLETE] dpl
Item type English Books
Source of classification or shelving scheme Dewey Decimal Classification
Classification part 615.53
Call number suffix MUK
Holdings
Withdrawn status Lost status Not for loan Collection code Home library Current library Source of acquisition Cost, normal purchase price Full call number Barcode Copy number Cost, replacement price Koha item type
    Not For Loan Non-fiction D.B.Act.Division D.B.Act.Division DBAD/PUB 125.00 615.53 MUK EN-70401 1 125.00 English Books

© Delhi Public Library
Hit Counter
free hit counter